000
00301nam a2200145Ia 4500
100
_a
Rajaraman
650
_a
C Programming
942
_c
BK
366
_f
25
245
_a
Computer basics and c programming
260
_b
Prentice Hall of India
082
_b
RAJ
546
_a
ENGLISH
999
_c
25412
_d
25412